Channel catfish culture
Đã lưu trong:
| 格式: | 圖書 |
|---|---|
| 語言: | Undetermined |
| 出版: |
Amsterdam ( The Netherlands )
Elsevier Science
1992
|
| 主題: | |
| 標簽: |
添加標簽
沒有標簽, 成為第一個標記此記錄!
|
| Thư viện lưu trữ: | Trung tâm Học liệu Trường Đại học Cần Thơ |
|---|
| LEADER | 00476nam a2200169Ia 4500 | ||
|---|---|---|---|
| 001 | CTU_38800 | ||
| 008 | 210402s9999 xx 000 0 und d | ||
| 082 | |a 639.3752 | ||
| 082 | |b C458 | ||
| 245 | 0 | |a Channel catfish culture | |
| 245 | 0 | |c Edited by C. S. Tucker | |
| 260 | |a Amsterdam ( The Netherlands ) | ||
| 260 | |b Elsevier Science | ||
| 260 | |c 1992 | ||
| 650 | |a Channel catfish,Fish-culture | ||
| 904 | |i Giang | ||
| 980 | |a Trung tâm Học liệu Trường Đại học Cần Thơ | ||